000 00561nam a2200193Ia 4500
005 20250508150549.0
008 008 250505s9999 xx 000 0 eng d
037 _aTextual
040 _aFEDL
_beng
_cFEDL
041 _aeng
_2eng
084 _a158, ADL
_qFEDL
100 _aAdler Alexandra
_990903
245 0 _aGuiding human misfits : A practical application of individual psychology
260 _aLondon, UK
_bFaber and Faber
300 _a114p.
650 _aAbnormal Psychology
942 _cTEXL
_h158, ADL
999 _c1324282
_d1324282